[Event "Warsaw YMCA Winter-B 164th"]
[Site "Warsaw"]
[Date "2016.01.14"]
[Round "2"]
[White "Liberadzki, Slawomir"]
[Black "Pietrzak, Wojciech"]
[Result "1-0"]
[WhiteElo "2024"]
[BlackElo "1886"]
[PlyCount "45"]
[EventDate "2016.01.07"]
[EventType "tourn"]
[EventRounds "13"]
[EventCountry "POL"]
[SourceTitle "EXT 2019"]
[Source "ChessBase"]
[SourceDate "2018.10.10"]
[SourceVersion "1"]
[SourceVersionDate "2018.10.10"]
[SourceQuality "1"]

1. c4 e6 2. Nf3 d5 3. b3 f5 4. Bb2 c6 5. g3 Nf6 6. Bg2 Be7 7. 0-0 0-0 8. d3 Na6 9. Nbd2 Nc7 10. Qc2 Bd7 11. Rad1 Nh5 12. Ne5 g5 13. Rfe1 g4 14. e4 Bf6 15. Nf1 Be8 16. exf5 exf5 17. Ne3 Bg6 18. cxd5 cxd5 19. Qc5 Rc8 20. Nxd5 b6 21. Nxf6+ Nxf6 22. Qc1 Kg7 23. Nc6 1-0

[Event "Warsaw YMCA Autumn-A 161st"]
[Site "Warsaw"]
[Date "2015.12.11"]
[Round "12"]
[White "Pietrzak, Wojciech"]
[Black "Praczukowski, Stanislaw"]
[Result "1-0"]
[WhiteElo "1918"]
[BlackElo "2028"]
[PlyCount "119"]
[EventDate "2015.09.25"]
[EventType "tourn"]
[EventRounds "13"]
[EventCountry "POL"]
[SourceTitle "EXT 2019"]
[Source "ChessBase"]
[SourceDate "2018.10.10"]
[SourceVersion "1"]
[SourceVersionDate "2018.10.10"]
[SourceQuality "1"]

1. e4 e5 2. Nf3 Nc6 3. Nc3 Nf6 4. Nxe5 Nxe5 5. d4 Ng6 6. e5 Ng8 7. Bc4 d5 8. Bxd5 c6 9. Bb3 Be6 10. Bxe6 fxe6 11. Ne4 Qd5 12. Qg4 0-0-0 13. Ng5 Nh6 14. Qxe6+ Qxe6 15. Nxe6 Re8 16. Nxf8 Rhxf8 17. Bxh6 gxh6 18. f3 c5 19. c3 Nf4 20. Kf1 Rd8 21. Rd1 cxd4 22. cxd4 Ne6 23. Kf2 Rxd4 24. Rxd4 Nxd4 25. Ke3 Ne6 26. Rd1 Rd8 27. Rc1+ Kd7 28. g4 Rc8 29. Rd1+ Ke7 30. Rd2 Rc1 31. f4 Re1+ 32. Kf2 Re4 33. f5 Nf8 34. Rc2 Rxe5 35. Rc7+ Kf6 36. Rxb7 Re7 37. Rb3 Rc7 38. Kg3 Nd7 39. Rd3 Ke7 40. Re3+ Kf7 41. Re6 Nf6 42. Ra6 Re7 43. Kf3 Kg7 44. h4 Kf7 45. b4 h5 46. g5 Ng4 47. a4 Ne5+ 48. Kg3 Nd3 49. b5 Rb7 50. Rf6+ Kg7 51. Rd6 Nb2 52. Rd4 Rc7 53. a5 Nc4 54. a6 Nb6 55. Rd8 Rc5 56. f6+ Kf7 57. Rh8 Rxb5 58. Rxh7+ Kf8 59. g6 Rb3+ 60. Kg2 1-0

[Event "Warsaw YMCA Autumn-A 161st"]
[Site "Warsaw"]
[Date "2015.11.18"]
[Round "9"]
[White "Kokoszczynski, Jan"]
[Black "Pietrzak, Wojciech"]
[Result "1-0"]
[WhiteElo "1873"]
[BlackElo "1918"]
[PlyCount "135"]
[EventDate "2015.09.25"]
[EventType "tourn"]
[EventRounds "13"]
[EventCountry "POL"]
[SourceTitle "EXT 2019"]
[Source "ChessBase"]
[SourceDate "2018.10.10"]
[SourceVersion "1"]
[SourceVersionDate "2018.10.10"]
[SourceQuality "1"]

1. e4 e6 2. d4 d5 3. Nd2 Nf6 4. e5 Nfd7 5. Bd3 c5 6. c3 Nc6 7. Ne2 Qb6 8. Nf3 f6 9. exf6 Nxf6 10. 0-0 Bd6 11. Re1 0-0 12. Nf4 cxd4 13. cxd4 Ne4 14. Bxe4 Bxf4 15. Bc2 Bd7 16. b3 Bxc1 17. Rxc1 Rf4 18. Ng5 Qxd4 19. Bxh7+ Kf8 20. Qe2 Re8 21. Bg6 Re7 22. Rcd1 Qb6 23. g3 Rf6 24. Nh7+ Kg8 25. Nxf6+ gxf6 26. h4 Ne5 27. Bb1 Rg7 28. Kg2 d4 29. Be4 f5 30. Bd5 Ng6 31. Qd2 exd5 32. Qxd4 Qxd4 33. Rxd4 f4 34. Kh2 fxg3+ 35. fxg3 Ne7 36. Rg1 Bg4 37. Rc1 Bf3 38. Rc7 Nc6 39. Rc8+ Kh7 40. Rf4 Bg4 41. Rcf8 d4 42. Rf2 d3 43. Rd2 Ne5 44. Kg2 Rc7 45. Kf2 Re7 46. Rf4 Be2 47. Re4 Rf7+ 48. Ke3 Rf3+ 49. Kd4 Nc6+ 50. Kc5 Rf5+ 51. Kd6 Rf2 52. Kc7 Na5 53. b4 Rf7+ 54. Kc8 Nc6 55. b5 Bf3 56. Rf4 Rxf4 57. gxf4 Na5 58. Rxd3 Bg4+ 59. Kb8 a6 60. b6 Be6 61. a3 Kg7 62. Rg3+ Kf6 63. Rg5 Bf5 64. h5 Nc4 65. Kxb7 Nxa3 66. Kxa6 Bd3+ 67. Ka7 Nb5+ 68. Rxb5 1-0

[Event "Warsaw YMCA Autumn-A 161st"]
[Site "Warsaw"]
[Date "2015.11.13"]
[Round "8"]
[White "Pietrzak, Wojciech"]
[Black "Szymczak, Rafal"]
[Result "0-1"]
[WhiteElo "1918"]
[BlackElo "2062"]
[PlyCount "58"]
[EventDate "2015.09.25"]
[EventType "tourn"]
[EventRounds "13"]
[EventCountry "POL"]
[SourceTitle "EXT 2019"]
[Source "ChessBase"]
[SourceDate "2018.10.10"]
[SourceVersion "1"]
[SourceVersionDate "2018.10.10"]
[SourceQuality "1"]

1. e4 c6 2. d4 d5 3. Nc3 dxe4 4. Nxe4 Bf5 5. Ng3 Bg6 6. Nf3 Nd7 7. h4 h6 8. h5 Bh7 9. Bd3 Bxd3 10. Qxd3 Ngf6 11. Bf4 Qa5+ 12. Bd2 Qc7 13. c4 e6 14. 0-0 Bd6 15. d5 cxd5 16. cxd5 Nxd5 17. Nf5 0-0 18. Rac1 Qb8 19. Nxh6+ gxh6 20. Bxh6 Bf4 21. Bxf8 Bxc1 22. h6 Qxf8 23. h7+ Kh8 24. Rxc1 Rc8 25. Re1 Qg7 26. Re4 Rc1+ 27. Kh2 Nc5 28. Qd2 Nxe4 29. Qxc1 Kxh7 0-1

[Event "Warsaw YMCA Autumn-A 161st"]
[Site "Warsaw"]
[Date "2015.11.04"]
[Round "7"]
[White "Pietrzak, Wojciech"]
[Black "Szwaj, Jacek"]
[Result "1-0"]
[WhiteElo "1918"]
[BlackElo "1948"]
[PlyCount "141"]
[EventDate "2015.09.25"]
[EventType "tourn"]
[EventRounds "13"]
[EventCountry "POL"]
[SourceTitle "EXT 2019"]
[Source "ChessBase"]
[SourceDate "2018.10.10"]
[SourceVersion "1"]
[SourceVersionDate "2018.10.10"]
[SourceQuality "1"]

1. d4 Nf6 2. g4 d5 3. g5 Ne4 4. f3 Nd6 5. Nc3 e6 6. e4 dxe4 7. fxe4 Be7 8. Nf3 b6 9. Rg1 Bb7 10. Rg4 Nd7 11. Be3 0-0 12. Bd3 f5 13. gxf6 Nxf6 14. Rxg7+ Kxg7 15. Ng5 Bc8 16. e5 Nf5 17. exf6+ Rxf6 18. Qh5 h6 19. Nf7 Qe8 20. Bxf5 Qxf7 21. Qg4+ Kh8 22. Bd3 Bb7 23. d5 e5 24. 0-0-0 Rg8 25. Qh3 Bc8 26. Qh4 Rg4 27. Qe1 Qg7 28. Bd2 Rf8 29. Ne4 Bf5 30. Bc3 Bxe4 31. Bxe4 Bg5+ 32. Kb1 Bf4 33. Bf3 Rg5 34. h4 Rg3 35. Be4 Rg8 36. Qf2 Rg1 37. Be1 Qg4 38. Bf3 Qh3 39. Bc3 Rxd1+ 40. Bxd1 Qg3 41. Qe2 Qg7 42. Qh5 Qf6 43. Bg4 Bg3 44. b4 a5 45. a3 axb4 46. axb4 Bf4 47. Be6 Ra8 48. Kb2 c6 49. Kb3 Rd8 50. Qf3 cxd5 51. Bxd5 Qxh4 52. Qe4 Qf6 53. Bc4 h5 54. Bd3 Rd7 55. Qf3 Qe6+ 56. Bc4 Qf5 57. Qa8+ Kg7 58. Qg8+ Kh6 59. Be6 Qg5 60. Qxg5+ Kxg5 61. Bxd7 Kh4 62. Be1+ Bg3 63. Bxg3+ Kxg3 64. Bc6 Kf4 65. Kc3 e4 66. Kd4 e3 67. Kd3 h4 68. c4 h3 69. Bb7 h2 70. Bc6 b5 71. c5 1-0

[Event "Warsaw YMCA Autumn-A 161st"]
[Site "Warsaw"]
[Date "2015.10.14"]
[Round "4"]
[White "Borowy, Cezary"]
[Black "Pietrzak, Wojciech"]
[Result "1-0"]
[WhiteElo "1884"]
[BlackElo "1918"]
[PlyCount "49"]
[EventDate "2015.09.25"]
[EventType "tourn"]
[EventRounds "13"]
[EventCountry "POL"]
[SourceTitle "EXT 2019"]
[Source "ChessBase"]
[SourceDate "2018.10.10"]
[SourceVersion "1"]
[SourceVersionDate "2018.10.10"]
[SourceQuality "1"]

1. e4 c5 2. Nf3 d6 3. d4 cxd4 4. Nxd4 Nf6 5. Nc3 g6 6. Be3 Bg7 7. f3 0-0 8. Qd2 Nc6 9. 0-0-0 Bd7 10. Kb1 Qb8 11. h4 h5 12. Be2 Rc8 13. Rdg1 Ne5 14. Nd5 Nxd5 15. exd5 Nc4 16. Bxc4 Rxc4 17. g4 hxg4 18. fxg4 Qc8 19. h5 Bxg4 20. hxg6 fxg6 21. Qd3 Rxd4 22. Bxd4 Bf5 23. Rxg6 Bxg6 24. Qxg6 Qf8 25. Qh7+ 1-0

[Event "Warsaw Najdorf Memorial op-B 13th"]
[Site "Warsaw"]
[Date "2015.07.13"]
[Round "4"]
[White "Pietrzak, Wojciech"]
[Black "Grzelak, Artur"]
[Result "0-1"]
[WhiteElo "1907"]
[BlackElo "2135"]
[PlyCount "82"]
[EventDate "2015.07.10"]
[EventType "swiss"]
[EventRounds "9"]
[EventCountry "POL"]
[SourceTitle "CBM 167 Extra"]
[Source "ChessBase"]
[SourceDate "2015.09.14"]
[SourceVersion "1"]
[SourceVersionDate "2015.09.14"]
[SourceQuality "1"]

1. e4 g6 2. d4 Bg7 3. Nc3 d6 4. Be3 a6 5. Qd2 b5 6. Bd3 Bb7 7. f3 Nd7 8. Nd1 c5 9. c3 Rc8 10. Ne2 Nb6 11. b3 Nf6 12. 0-0 0-0 13. Bh6 Nbd7 14. Nf2 Qb6 15. Kh1 b4 16. Bxg7 Kxg7 17. cxb4 cxd4 18. f4 e5 19. f5 d5 20. Ng3 Rc3 21. exd5 Bxd5 22. Nfe4 Nxe4 23. Bxe4 Rxg3 24. Bxd5 Rc3 25. Rf3 Qxb4 26. Rh3 Kh8 27. Rf1 Rxb3 28. Qh6 Rxh3 29. Qxh3 Qd6 30. Qf3 Nf6 31. Be4 Kg7 32. h4 Rc8 33. fxg6 fxg6 34. h5 Rf8 35. h6+ Kxh6 36. Qh3+ Kg7 37. Rb1 Nxe4 38. Rb7+ Rf7 39. Rxf7+ Kxf7 40. Qxh7+ Kf6 41. Qh8+ Kg5 0-1

[Event "SC-2013-0-00196"]
[Site "LSS email"]
[Date "2013.09.23"]
[Round "?"]
[White "Dogan, Ahmet"]
[Black "Pietrzak, Wojciech"]
[Result "1-0"]
[WhiteElo "1735"]
[BlackElo "1613"]
[PlyCount "29"]
[EventDate "2013.08.05"]
[EventType "tourn (corr)"]
[EventRounds "6"]
[EventCountry "GER"]
[SourceTitle "Corr 2022"]
[Source "ChessBase"]
[SourceDate "2021.10.24"]
[SourceVersion "1"]
[SourceVersionDate "2021.10.24"]
[SourceQuality "1"]

1. d4 Nf6 2. c4 c5 3. d5 b5 4. cxb5 a6 5. bxa6 g6 6. Nc3 Bxa6 7. e4 d6 8. Bxa6 Nxa6 9. Nf3 Nd7 10. 0-0 Bg7 11. Bf4 0-0 12. Qd2 Qa5 13. Rfe1 Rfb8 14. e5 c4 15. Nd4 1-0

[Event "SC-2013-0-00196"]
[Site "LSS email"]
[Date "2013.09.23"]
[Round "?"]
[White "Pietrzak, Wojciech"]
[Black "Korinek, Jaroslav"]
[Result "0-1"]
[WhiteElo "1480"]
[BlackElo "1599"]
[PlyCount "34"]
[EventDate "2013.08.05"]
[EventType "tourn (corr)"]
[EventRounds "6"]
[EventCountry "GER"]
[SourceTitle "Telechess CBM 167"]
[Source "ChessBase"]
[SourceDate "2015.07.13"]
[SourceVersion "1"]
[SourceVersionDate "2015.07.13"]
[SourceQuality "1"]

1. e4 d6 2. d4 Nf6 3. Nc3 g6 4. Be2 Bg7 5. h3 c6 6. Bf3 0-0 7. Nge2 c5 8. dxc5 dxc5 9. Be3 Qb6 10. 0-0 Rd8 11. Qc1 Nc6 12. Nf4 Nd4 13. Bd1 Qd6 14. Nd3 Ne8 15. e5 Qc7 16. f4 Bf5 17. a4 a6 0-1

[Event "SC-2013-0-00196"]
[Site "LSS email"]
[Date "2013.09.23"]
[Round "?"]
[White "Schulz, Hans Juergen"]
[Black "Pietrzak, Wojciech"]
[Result "1-0"]
[WhiteElo "1644"]
[BlackElo "1480"]
[PlyCount "39"]
[EventDate "2013.08.05"]
[EventType "tourn (corr)"]
[EventRounds "6"]
[EventCountry "GER"]
[SourceTitle "Telechess CBM 167"]
[Source "ChessBase"]
[SourceDate "2015.07.13"]
[SourceVersion "1"]
[SourceVersionDate "2015.07.13"]
[SourceQuality "1"]

1. e4 c5 2. Nf3 d6 3. d4 cxd4 4. Nxd4 Nf6 5. Nc3 g6 6. Be3 Bg7 7. f3 0-0 8. Qd2 Nc6 9. Bc4 Bd7 10. Bb3 Nxd4 11. Bxd4 b5 12. h4 a5 13. a4 bxa4 14. Nxa4 e5 15. Bb6 Qb8 16. Be3 h5 17. Nb6 Ra6 18. Nxd7 Nxd7 19. 0-0 a4 20. Qd3 1-0

[Event "Warsaw Najdorf Memorial op-B 11th"]
[Site "Warsaw"]
[Date "2013.08.09"]
[Round "6"]
[White "Pietrzak, Wojciech"]
[Black "Kacprzak, Karol"]
[Result "1/2-1/2"]
[WhiteElo "1915"]
[BlackElo "1780"]
[PlyCount "92"]
[EventDate "2013.08.05"]
[EventType "swiss"]
[EventRounds "9"]
[EventCountry "POL"]
[SourceTitle "CBM 155 Extra"]
[Source "ChessBase"]
[SourceDate "2013.08.26"]
[SourceVersion "1"]
[SourceVersionDate "2013.08.26"]
[SourceQuality "1"]

1. e4 c6 2. d4 d5 3. exd5 cxd5 4. c4 Nf6 5. Nc3 e6 6. Nf3 Be7 7. Bg5 0-0 8. Rc1 dxc4 9. Bxc4 Nc6 10. 0-0 Nb4 11. Qb3 Nbd5 12. Bxf6 Nxf6 13. d5 exd5 14. Nxd5 Nxd5 15. Bxd5 Qb6 16. Qxb6 axb6 17. Rc7 Bd6 18. Bxb7 Bxc7 19. Bxa8 Ba6 20. Be4 Bxf1 21. Kxf1 Rd8 22. Ke2 Bf4 23. a4 h5 24. g3 Bd6 25. Ne1 Re8 26. Kf3 f5 27. Bd5+ Kf8 28. Nd3 Rd8 29. Bc4 Ra8 30. b3 Ke7 31. Nc1 Kf6 32. Na2 g5 33. Nc3 Bc5 34. Nd5+ Ke5 35. Ke2 Rd8 36. f4+ gxf4 37. Nxf4 Rd7 38. h4 Rh7 39. Kf3 Bd6 40. Ne6 Kf6 41. Nf4 Bxf4 42. Kxf4 Re7 43. Bd5 Re1 44. Bf3 Kg6 45. Bd5 Kf6 46. Bf3 Kg6 1/2-1/2

[Event "Warsaw Najdorf Memorial op-B 11th"]
[Site "Warsaw"]
[Date "2013.08.05"]
[Round "1"]
[White "Pietrzak, Wojciech"]
[Black "Borowski, Marek"]
[Result "1-0"]
[WhiteElo "1915"]
[BlackElo "1527"]
[PlyCount "59"]
[EventDate "2013.08.05"]
[EventType "swiss"]
[EventRounds "9"]
[EventCountry "POL"]
[SourceTitle "CBM 155 Extra"]
[Source "ChessBase"]
[SourceDate "2013.08.26"]
[SourceVersion "1"]
[SourceVersionDate "2013.08.26"]
[SourceQuality "1"]

1. e4 e6 2. c4 d5 3. cxd5 exd5 4. Qb3 dxe4 5. Bc4 Qe7 6. Nc3 Nf6 7. d3 exd3+ 8. Kf1 Ne4 9. Nxe4 Qxe4 10. Qa4+ Kd8 11. Bg5+ f6 12. Re1 b5 13. Bxb5 Qxe1+ 14. Kxe1 fxg5 15. Qe4 c6 16. Qxd3+ Kc7 17. Qc3 a5 18. a3 Bd7 19. Ne2 Kb6 20. Bc4 Bc8 21. Kd2 Na6 22. Bxa6 Bxa6 23. Rc1 Rd8+ 24. Ke1 Bb5 25. Qe3+ Kb7 26. Nd4 Rd5 27. Nxb5 Rxb5 28. Qd3 Bc5 29. Qe4 Rd8 30. Rxc5 1-0

[Event "Warsaw YMCA Spring 122nd"]
[Site "Warsaw"]
[Date "2013.05.21"]
[Round "7"]
[White "Pietrzak, Wojciech"]
[Black "Bielecki, Pawel"]
[Result "1/2-1/2"]
[WhiteElo "1886"]
[BlackElo "1983"]
[PlyCount "67"]
[EventDate "2013.04.11"]
[EventType "tourn"]
[EventRounds "13"]
[EventCountry "POL"]
[SourceTitle "EXT 2014"]
[Source "ChessBase"]
[SourceDate "2013.11.20"]
[SourceVersion "1"]
[SourceVersionDate "2013.11.20"]
[SourceQuality "1"]

1. e4 e5 2. Nf3 Nc6 3. d4 exd4 4. Nxd4 Bc5 5. Be3 Qf6 6. c3 Nge7 7. Bc4 0-0 8. 0-0 Ne5 9. Be2 d5 10. f4 Nc4 11. Bxc4 dxc4 12. Nd2 Rd8 13. Qh5 Bb6 14. Nxc4 Nc6 15. Nxb6 axb6 16. f5 Re8 17. Bg5 Qe5 18. Nxc6 bxc6 19. Qh4 f6 20. Bf4 Qe7 21. Qg3 Ra4 22. b4 c5 23. Bxc7 cxb4 24. Bd6 Qf7 25. cxb4 Rxa2 26. Rxa2 Qxa2 27. Qc3 Bb7 28. Ra1 Qe2 29. Re1 Qa2 30. Qd4 Rxe4 31. Rxe4 Qb1+ 32. Kf2 Qxe4 33. Qxe4 Bxe4 34. g4 1/2-1/2

[Event "Warsaw YMCA Spring 122nd"]
[Site "Warsaw"]
[Date "2013.05.06"]
[Round "10"]
[White "Potocki, Karol"]
[Black "Pietrzak, Wojciech"]
[Result "1-0"]
[WhiteElo "1874"]
[BlackElo "1886"]
[PlyCount "49"]
[EventDate "2013.04.11"]
[EventType "tourn"]
[EventRounds "13"]
[EventCountry "POL"]
[SourceTitle "EXT 2014"]
[Source "ChessBase"]
[SourceDate "2013.11.20"]
[SourceVersion "1"]
[SourceVersionDate "2013.11.20"]
[SourceQuality "1"]

1. d4 d5 2. c4 e6 3. Nf3 c5 4. cxd5 exd5 5. g3 c4 6. Bg2 Bb4+ 7. Nc3 Nc6 8. 0-0 Nge7 9. a3 Ba5 10. Bf4 0-0 11. b4 cxb3 12. Qxb3 Bf5 13. Rfc1 Bb6 14. Rd1 Na5 15. Qa2 Rc8 16. Rac1 Be6 17. Na4 Rxc1 18. Rxc1 Nec6 19. e3 Nc4 20. Nxb6 axb6 21. h3 Qe7 22. Ng5 Ra8 23. Rxc4 Rxa3 24. Qc2 dxc4 25. Qxh7+ 1-0